| 000 | 00493nam a22001937a 4500 | ||
|---|---|---|---|
| 003 | OSt | ||
| 005 | 20151215191606.0 | ||
| 008 | 151215b xxu||||| |||| 00| 0 eng d | ||
| 020 | _a0415177545 | ||
| 040 | _cDDC | ||
| 082 | _a370 OTT1953 | ||
| 100 |
_aOttaway A.K.C. _96612 |
||
| 245 | _aEducation and Society. | ||
| 260 |
_aNew York. _bRoutledge. _c1953 |
||
| 300 |
_axii,182p; _bill: _c22cm |
||
| 504 | _aincludes bibliography and index. | ||
| 650 |
_aEducation. _91404 |
||
| 942 |
_2ddc _cSLOAN |
||
| 999 |
_c2895 _d2895 |
||